LEADER 00945nam a22002531i 4500 001 991000419359707536 005 20030221134728.0 008 021008s1964 vc |||||||||||||||||eng 035 $ab12002215-39ule_inst 035 $aARCHE-009201$9ExL 040 $aDip.to Filologia Ling. e Lett.$bita$cA.t.i. Arché s.c.r.l. Pandora Sicilia s.r.l. 100 1 $aPrete, Sesto$0155708 245 10$aTwo humanistic anthologies 260 $aCittà del Vaticano :$bBiblioteca apostolica vaticana,$c1964 300 $a105 p. :$btav. ;$c26 cm 490 0$aStudi e testi 650 4$aAntologie umanistiche 650 4$aBruni, Leonardo 907 $a.b12002215$b28-04-17$c01-04-03 912 $a991000419359707536 945 $aLE008 FL.M. XII D 39$g1$i2008000137410$lle008$o-$pE0.00$q-$rl$s- $t0$u0$v0$w0$x0$y.i12287386$z01-04-03 996 $aTwo humanistic anthologies$9133930 997 $aUNISALENTO 998 $ale008$b01-04-03$cm$da $e-$feng$gvc $h0$i1